000 00269nam a2200097Ia 4500
001 1228937
005 20250827093051.0
008 250824s9999 xx 000 0 und d
245 0 _aUÇAN MOTOR
_cGÜLTEN DAYIOĞLU
260 _bALTIN KİTAPLAR YAYINLARI
999 _c1228937
_d1228937